<?xml version="1.0" encoding="UTF-8"?>
<collection xmlns:xsi="http://www.w3.org/2001/XMLSchema-instance" xsi:schemaLocation="http://www.loc.gov/MARC21/slim http://www.loc.gov/standards/marcxml/schema/MARC21slim.xsd" xmlns="http://www.loc.gov/MARC21/slim">
 <record>
  <leader>00000cam a22000004i 4500</leader>
  <controlfield tag="001">UP-99796217613076195</controlfield>
  <controlfield tag="003">Buklod</controlfield>
  <controlfield tag="005">20190806171550.0</controlfield>
  <controlfield tag="006">m    |o  d |      </controlfield>
  <controlfield tag="007">ta</controlfield>
  <controlfield tag="008">190806s2018    xx     d     r    |||| u|</controlfield>
  <datafield tag="020" ind1=" " ind2=" ">
   <subfield code="a">9783319574776(hbd.)</subfield>
  </datafield>
  <datafield tag="035" ind1=" " ind2=" ">
   <subfield code="a">(iLib)UPD-00413164777</subfield>
  </datafield>
  <datafield tag="040" ind1=" " ind2=" ">
   <subfield code="a">DCornell</subfield>
   <subfield code="d">DCPA</subfield>
   <subfield code="e">rda</subfield>
  </datafield>
  <datafield tag="041" ind1=" " ind2=" ">
   <subfield code="a">eng</subfield>
  </datafield>
  <datafield tag="042" ind1=" " ind2=" ">
   <subfield code="a">DMLUC</subfield>
  </datafield>
  <datafield tag="090" ind1=" " ind2=" ">
   <subfield code="a">JQ 750</subfield>
   <subfield code="b">K66 2018</subfield>
  </datafield>
  <datafield tag="245" ind1="1" ind2="0">
   <subfield code="a">Knowledge creation in public administrations</subfield>
   <subfield code="b">innovative government in Southeast Asia and Japan</subfield>
   <subfield code="c">Ayano Hirose Nishihara, Masaei Matsunaga, Ikujiro Nonaka, and Kiyotaka Yokomichi, editors.</subfield>
  </datafield>
  <datafield tag="264" ind1=" " ind2="1">
   <subfield code="a">Cham, Switzerland</subfield>
   <subfield code="b">Palgrave Macmillan</subfield>
   <subfield code="c">[2018]</subfield>
  </datafield>
  <datafield tag="300" ind1=" " ind2=" ">
   <subfield code="a">xxxi, 324 pages</subfield>
   <subfield code="b">illustrations</subfield>
   <subfield code="c">24 cm</subfield>
  </datafield>
  <datafield tag="336" ind1=" " ind2=" ">
   <subfield code="a">text</subfield>
   <subfield code="2">rdacontent</subfield>
  </datafield>
  <datafield tag="337" ind1=" " ind2=" ">
   <subfield code="a">unmediated</subfield>
   <subfield code="2">rdamedia</subfield>
  </datafield>
  <datafield tag="338" ind1=" " ind2=" ">
   <subfield code="a">volume</subfield>
   <subfield code="2">rdacarrier</subfield>
  </datafield>
  <datafield tag="504" ind1=" " ind2=" ">
   <subfield code="a">Includes bibliographical references and index.</subfield>
  </datafield>
  <datafield tag="505" ind1="0" ind2=" ">
   <subfield code="a">Knowledge-based management theory /Ikujiro Nonaka, Ayano Hirose Nishihara, and Hideki Kawada --  Case study 1: Mayor Belmonte and Quezon City /Eduardo T. Gonzales and Zita Concepcion Calugay -- Case Study 2: Toward Surabaya Cyber City: from GRMS to e-Sapawarga (2004-2014) /Agus Pramusinto and Erwan Agus Purwanto -- Case study 3: Tono style community development /Takeji Takei -- Case study 4: Institutionalized innovation in Jembrana regency under Regent I. Gede Winasa (2000-2010) /Sadu Wasistiono -- Case study 5: Thinking big for the common good: a case study of the household block-grant initiative in agricultural management in Vietnam /Tran Thi Thanh Thuy and Nguyen Thi Thanh Tam -- Case study 6: Co-creating the Census Serbilis, a study of the Philippines National Statistics Office /Magdalena L. Mendoza, Ma. Christine R. Valte, Krichelle Alyce L. Ching -- Case study 7: Dr. Sanguan Nitayarumphong and public healthcare reform in Thailand</subfield>
   <subfield code="r">Supasawad Chardchawarn -- Case study 8: Redefining reality: a case study of emerging leadership of Truong Chinh /Bui Phuong Dinh -- Knowledge-based public sector reform: the Philippine experience /Alex B. Brillantes, Jr., Bootes Esden Lopos and Lizan E. Perante-Calina -- Leadership and management development: the Indonenesian experience /Eko Prasojo and Defny Holidin -- A knowledge-based paradigm of public sector reforms in Asia /Masaei Matsunaga -- To become the nation and the region for knowledge-creating enterprises /Ikujiro Nonaka and Kiyotaka Yokomichi.</subfield>
  </datafield>
  <datafield tag="650" ind1=" " ind2="0">
   <subfield code="a">Public administration</subfield>
   <subfield code="z">Southeast Asia.</subfield>
  </datafield>
  <datafield tag="650" ind1=" " ind2="0">
   <subfield code="a">Public administration</subfield>
   <subfield code="z">Japan.</subfield>
  </datafield>
  <datafield tag="650" ind1=" " ind2="0">
   <subfield code="a">Public administration</subfield>
   <subfield code="z">Asia.</subfield>
  </datafield>
  <datafield tag="658" ind1=" " ind2=" ">
   <subfield code="a">Theory and Practice of Public Administration.</subfield>
   <subfield code="c">PA 201.</subfield>
  </datafield>
  <datafield tag="700" ind1="1" ind2=" ">
   <subfield code="a">Nishihara, Ayano Hirose</subfield>
   <subfield code="e">editor.</subfield>
  </datafield>
  <datafield tag="700" ind1="1" ind2=" ">
   <subfield code="a">Matsunaga, Masaei</subfield>
   <subfield code="e">editor.</subfield>
  </datafield>
  <datafield tag="700" ind1="1" ind2=" ">
   <subfield code="a">Nonaka, Ikujiro</subfield>
   <subfield code="e">editor.</subfield>
  </datafield>
  <datafield tag="700" ind1="1" ind2=" ">
   <subfield code="a">Yokomichi, Kiyotaka</subfield>
   <subfield code="e">editor.</subfield>
  </datafield>
  <datafield tag="905" ind1=" " ind2=" ">
   <subfield code="a">FO</subfield>
  </datafield>
  <datafield tag="852" ind1="0" ind2=" ">
   <subfield code="a">UPD</subfield>
   <subfield code="b">DCPA</subfield>
   <subfield code="h">JQ 750</subfield>
   <subfield code="i">K66 2018</subfield>
  </datafield>
  <datafield tag="942" ind1=" " ind2=" ">
   <subfield code="a">Book</subfield>
  </datafield>
 </record>
</collection>
